000 00640nam a2200205Ia 4500
003 GCL
008 140319s9999 xx 000 0 ara d
040 _aGCL /
_cGCL
082 0 4 _aط
_b813.01
_bا ح
100 1 _aامين احمد العطار
245 1 0 _aالقيثارة الساحرة وقصص أخرى /
_cامين احمد العطار
700 1 _aعبدالفتاح اسماعيل شلبى
260 _a[S.N] :
_bدار المعارف ،
_c1991
300 _a80 ص
490 _aحكايات الليالى
_v0
650 0 4 _aالاطفال
650 0 4 _aالقصص
650 0 4 _aقصص الاطفال
942 _2ddc
_cBK
999 _c56645
_d56645